书目信息 |
| 题名: |
化学反应工程
|
|
| 作者: | 郭锴 , 唐小恒 , 周绪美 编 | |
| 分册: | ||
| 出版信息: | 北京 化学工业出版社 2009 |
|
| 页数: | 242页 | |
| 开本: | 24cm | |
| 丛书名: | ||
| 单 册: | ||
| 中图分类: | TQ03 | |
| 科图分类: | ||
| 主题词: | 化学反应工程--高等教育--教材 , 化学反应工程 | |
| 电子资源: | ||
| ISBN: | 978-7-122-01644-7 | |
| 000 | 01084nam0 2200277 45 | |
| 005 | 20100303145701.37 | |
| 010 | @a978-7-122-01644-7@dCNY25.00 | |
| 100 | @a20100120e2009 em y0chiy0120 ea | |
| 101 | 0 | @achi |
| 102 | @aCN@b110000 | |
| 105 | @aa z 000yy | |
| 106 | @ar | |
| 200 | 1 | @a化学反应工程@AHua Xue Fan Ying Gong Cheng@f郭锴,唐小恒,周绪美编@FGuo Kai, Tang Xiao Heng, Zhou Xu Mei Bian |
| 205 | @a2版 | |
| 210 | @a北京@c化学工业出版社@d2009 | |
| 215 | @a242页@c图@d24cm | |
| 300 | @a普通高等教育“十一五”国家级规划教材 | |
| 330 | @a本书包括均相单一反应动力学和理想反应器,复合反应与反应器选型,非理想流动反应器,气固相催化反应本征动力学,气固相催化反应宏观动力学,气固相催化反应固定床反应器,气固相催化反应流化床反应器,气液相反应过程与反应器,反应器的热稳定性和参数灵敏性等内容。 | |
| 606 | 0 | @a化学反应工程@x高等教育@j教材 |
| 606 | 0 | @a化学反应工程 |
| 690 | @aTQ03@v4 | |
| 701 | 0 | @a郭锴@AGuo Kai@4编 |
| 701 | 0 | @a唐小恒@ATang Xiao Heng@4编 |
| 701 | 0 | @a周绪美@AZhou Xu Mei@4编 |
| 801 | 0 | @aCN@bTANGWEI@c20100303 |
| 905 | @b0584303-05@dTQ03@e190=2@f3 | |
| 化学反应工程/郭锴,唐小恒,周绪美编.-2版.-北京:化学工业出版社,2009 |
| 242页:图;24cm |
| 普通高等教育“十一五”国家级规划教材 |
| ISBN 978-7-122-01644-7:CNY25.00 |
| 本书包括均相单一反应动力学和理想反应器,复合反应与反应器选型,非理想流动反应器,气固相催化反应本征动力学,气固相催化反应宏观动力学,气固相催化反应固定床反应器,气固相催化反应流化床反应器,气液相反应过程与反应器,反应器的热稳定性和参数灵敏性等内容。 |
| ● |
| 相关链接 |
|
|
|
|
正题名:化学反应工程
索取号:TQ03/190=2
 
预约/预借
| 序号 | 登录号 | 条形码 | 馆藏地/架位号 | 状态 | 备注 |
| 1 | 0584303 | 205843033 | 第二样本阅览室/ [索取号:TQ03/190=2] | 在馆 | |
| 2 | 0584304 | 205843042 | 第三借阅区/ [索取号:TQ03/190=2] | 在馆 | |
| 3 | 0584305 | 205843051 | 第三借阅区/ [索取号:TQ03/190=2] | 在馆 |